[Event "TUR-chT 2nd League"]
[Site "Konya"]
[Date "2022.08.23"]
[Round "2.5"]
[White "Hatirli, Ugur Can"]
[Black "Yildiz, Talat"]
[Result "1-0"]
[WhiteElo "2081"]
[BlackElo "1819"]
[PlyCount "81"]
[EventDate "2022.08.22"]
[EventType "team-swiss"]
[EventRounds "9"]
[EventCountry "TUR"]
[SourceTitle "CBM 210 Extra"]
[Source "ChessBase"]
[SourceDate "2022.11.30"]
[SourceVersion "1"]
[SourceVersionDate "2022.11.30"]
[SourceQuality "1"]
[WhiteTeam "Pamukkale Yonetimi"]
[BlackTeam "Cesme Belediye"]
[WhiteTeamCountry "TUR"]
[BlackTeamCountry "TUR"]

1. d4 Nf6 2. Nf3 d5 3. c4 e6 4. Nc3 Be7 5. g3 0-0 6. Bg2 dxc4 7. 0-0 c5 8. dxc5 Nc6 9. Qa4 Qa5 10. Qxc4 Qxc5 11. Qxc5 Bxc5 12. Bg5 e5 13. Rac1 Be6 14. Nb5 Bb6 15. Nd6 Bxa2 16. Nxb7 Bd5 17. e3 Ne4 18. Rfd1 Nb4 19. Be7 Bxb7 20. Bxb4 Rfe8 21. Nd2 f5 22. Nxe4 Bxe4 23. Bxe4 fxe4 24. Rc4 Rad8 25. Rxd8 Rxd8 26. Rxe4 Rd5 27. Bc3 Bc7 28. Rc4 Bb6 29. Kg2 Kf7 30. Rc8 g5 31. Rh8 Kg6 32. Re8 Kf5 33. h3 h5 34. Rh8 Kg6 35. e4 Rb5 36. Rg8+ Kh6 37. b4 Bd4 38. Bd2 a5 39. Rxg5 Rxb4 40. Rxe5+ Kg6 41. Bxb4 1-0

[Event "TUR-ch Youth"]
[Site "Denizli"]
[Date "2022.05.26"]
[Round "4"]
[White "Gulbeyaz, Emir"]
[Black "Yildiz, Talat"]
[Result "1-0"]
[WhiteElo "2212"]
[BlackElo "1825"]
[PlyCount "63"]
[EventDate "2022.05.24"]
[EventType "swiss"]
[EventRounds "9"]
[EventCountry "TUR"]
[SourceTitle "EXT 2023"]
[Source "ChessBase"]
[SourceDate "2022.10.05"]
[SourceVersion "1"]
[SourceVersionDate "2022.10.05"]
[SourceQuality "1"]

1. d4 Nf6 2. c4 e6 3. Nc3 d5 4. cxd5 Nxd5 5. Nf3 c5 6. e4 Nxc3 7. bxc3 cxd4 8. cxd4 Bb4+ 9. Bd2 Bxd2+ 10. Qxd2 0-0 11. Be2 Nc6 12. 0-0 b6 13. Rfd1 Bb7 14. Qf4 Ne7 15. Bd3 Rc8 16. Re1 Rc3 17. Rad1 Ng6 18. Qg4 Qf6 19. g3 Rfc8 20. h4 Ne7 21. Ng5 g6 22. d5 exd5 23. e5 Qc6 24. h5 h6 25. Nf3 Rc4 26. Nd4 Qc5 27. Bxc4 dxc4 28. hxg6 Nxg6 29. Nf5 c3 30. e6 c2 31. exf7+ Kh7 32. f8Q 1-0

[Event "TUR-chT 2nd League"]
[Site "Konya"]
[Date "2018.07.21"]
[Round "8.14"]
[White "Yildiz, Talat"]
[Black "Eke, Salih"]
[Result "1/2-1/2"]
[WhiteElo "1730"]
[BlackElo "1816"]
[PlyCount "109"]
[EventDate "2018.07.16"]
[EventType "team-swiss"]
[EventRounds "9"]
[EventCountry "TUR"]
[SourceTitle "EXT 2019"]
[Source "ChessBase"]
[SourceDate "2018.10.10"]
[SourceVersion "1"]
[SourceVersionDate "2018.10.10"]
[SourceQuality "1"]
[WhiteTeam "Cesme Belediye"]
[BlackTeam "Genc Efe Izcilik"]
[WhiteTeamCountry "TUR"]
[BlackTeamCountry "TUR"]

1. c4 e6 2. g3 d5 3. Bg2 Nf6 4. Nf3 Be7 5. 0-0 0-0 6. d4 c5 7. Nc3 Nc6 8. cxd5 exd5 9. Bg5 cxd4 10. Nxd4 h6 11. Bf4 Bc5 12. Nb3 Bb6 13. Nxd5 Nxd5 14. Qxd5 Qf6 15. Bc1 Bg4 16. e3 Rad8 17. Qc4 Bf5 18. Qc3 Qg6 19. Bd2 Rd3 20. Qc1 Rfd8 21. Bc3 Bg4 22. Qc2 Bd1 23. Qb1 Be2 24. Re1 Qh5 25. Qc2 Bd1 26. Qb1 R3d7 27. Nd4 Nxd4 28. Bxd4 Bf3 29. Bxf3 Qxf3 30. Qd1 Qd5 31. Qa4 Bxd4 32. Qxd4 Qxd4 33. exd4 Rxd4 34. Re7 Rb4 35. Re2 Rd6 36. Rc1 a5 37. b3 Rd7 38. Kg2 Kh7 39. Rc5 b6 40. Rce5 a4 41. bxa4 Rxa4 42. Rb5 Ra6 43. Reb2 Rd6 44. Kf3 Kg6 45. Re5 Rd3+ 46. Re3 Rd5 47. Reb3 Rf5+ 48. Ke3 Re5+ 49. Kf3 b5 50. Rxb5 Rxb5 51. Rxb5 Rxa2 52. h4 h5 53. Rg5+ Kh6 54. Rb5 f6 55. Rc5 1/2-1/2

[Event "TUR-chT 2nd League"]
[Site "Konya"]
[Date "2017.07.20"]
[Round "6.12"]
[White "Yildiz, Talat"]
[Black "Akgul, Emre Ramazan"]
[Result "0-1"]
[WhiteElo "1587"]
[BlackElo "1615"]
[PlyCount "138"]
[EventDate "2017.07.17"]
[EventType "team-swiss"]
[EventRounds "9"]
[EventCountry "TUR"]
[SourceTitle "CBM 179 Extra"]
[Source "ChessBase"]
[SourceDate "2017.08.23"]
[SourceVersion "1"]
[SourceVersionDate "2017.08.23"]
[SourceQuality "1"]
[WhiteTeam "Izmir Cesme Belediye"]
[BlackTeam "Gaziante Seviye"]
[WhiteTeamCountry "TUR"]
[BlackTeamCountry "TUR"]

1. e4 Nf6 2. e5 Nd5 3. d4 d6 4. Nf3 Bg4 5. Be2 e6 6. 0-0 Nd7 7. exd6 Bxd6 8. Ne5 Bf5 9. f4 Be7 10. a3 Nxe5 11. fxe5 Bg5 12. c3 0-0 13. Bxg5 Qxg5 14. Qd2 Ne3 15. Bf3 h6 16. Rc1 Nc4 17. Qxg5 hxg5 18. b3 Ne3 19. Nd2 c6 20. Be4 Rad8 21. Bxf5 exf5 22. Nc4 Nxc4 23. bxc4 f6 24. Re1 Rfe8 25. exf6 gxf6 26. Kf2 Re4 27. Re3 Rxe3 28. Kxe3 Re8+ 29. Kf2 Kf7 30. Rb1 b6 31. a4 f4 32. a5 bxa5 33. Ra1 Re3 34. Rxa5 Rxc3 35. Rxa7+ Kg6 36. c5 Rd3 37. Rd7 g4 38. Rd6 Rd2+ 39. Kf1 Kf5 40. h3 g3 41. Rxc6 Rxd4 42. Rd6 Rc4 43. Rd5+ Ke6 44. Rd6+ Ke5 45. Rc6 f5 46. h4 f3 47. gxf3 Rxh4 48. Rg6 Kf4 49. Rf6 Rh2 50. c6 Rc2 51. Kg1 Ke5 52. Rg6 f4 53. Rg5+ Kd4 54. Ra5 Rxc6 55. Ra2 Rc3 56. Kg2 Kd3 57. Ra8 Rc2+ 58. Kg1 Rf2 59. Ra3+ Ke2 60. Rb3 Rxf3 61. Rb2+ Kd1 62. Kg2 Rd3 63. Rb4 Rd2+ 64. Kf3 Rf2+ 65. Ke4 g2 66. Kd3 Rd2+ 67. Ke4 Ke2 68. Rb1 Rd1 69. Rb2+ Kf1 0-1